000 00537nam a2200205Ia 4500
008 230125s9999 xx 000 0 und d
020 _a9789385288920
041 _aeng
082 _a823
_bBON
100 _aBond R
_9113637
245 _aHimalaya: Adventures, Meditations, Life.
260 _c2016
_bSpeaking Tiger.
_aNew Delhi
300 _a444p
440 _v1
500 _aEnglish Literature;Literature;
650 _aEnglish Literature
700 _aBond R & Gokhale N
_9117489
906 _b29
999 _c95311
_d95311